Guinness WORLD OF RECORDS. (Record no. 104776)
[ view plain ]
| 000 -LEADER | |
|---|---|
| fixed length control field | 00375nam a2200145 a 4500 |
| 005 - DATE AND TIME OF LATEST TRANSACTION | |
| control field | 20140412111328.0 |
| 008 - FIXED-LENGTH DATA ELEMENTS--GENERAL INFORMATION | |
| fixed length control field | 080201s19uu xx 00 eng d |
| 020 ## - INTERNATIONAL STANDARD BOOK NUMBER | |
| International Standard Book Number | 085111241 |
| 050 ## - LIBRARY OF CONGRESS CALL NUMBER | |
| Classification number | REF 030 |
| Item number | Gu94 2002 |
| 245 ## - TITLE STATEMENT | |
| Title | Guinness WORLD OF RECORDS. |
| 260 ## - PUBLICATION, DISTRIBUTION, ETC. (IMPRINT) | |
| Place of publication, distribution, etc | Spain : |
| Name of publisher, distributor, etc | Guinness world records, |
| Date of publication, distribution, etc | 20002. |
| 300 ## - PHYSICAL DESCRIPTION | |
| Extent | 290 |
| 650 ## - SUBJECT ADDED ENTRY--TOPICAL TERM | |
| Topical term or geographic name as entry element | Records- |
| General subdivision | world. |
| Withdrawn status | Lost status | Damaged status | Home library | Current library | Shelving location | Date acquired | Source of acquisition | Total Checkouts | Full call number | Barcode | Date last seen | Price effective from | Koha item type |
|---|---|---|---|---|---|---|---|---|---|---|---|---|---|
| Elizalde Library | Elizalde Library | Reference Section | 02/01/2008 | REF 030 Gu94 2002 | E8632 | 04/12/2014 | 04/12/2014 | Books |